| 000 | 00541nam a2200193Ia 4500 | ||
|---|---|---|---|
| 999 |
_c54603 _d54603 |
||
| 003 | GCL | ||
| 005 | 20240530105301.0 | ||
| 008 | 140319s9999 xx 000 0 ara d | ||
| 040 |
_aGCL / _cGCL |
||
| 082 | 0 | 4 |
_a251.12 _bع س |
| 100 | 1 | _aعبدالله محفوظ | |
| 245 | 1 | 0 |
_aالسنة والبدعة / _cعبدالله محفوظ |
| 260 |
_a[S.N] : _bمكتبة المطيعى |
||
| 300 | _a214 ص | ||
| 650 | 0 | 4 | _aالاسلام |
| 650 | 0 | 4 | _aالسنة النبوية |
| 700 | 1 | _aباعلوى الحصرمى | |
| 942 |
_2ddc _cBK |
||